| 000 | 00585nam a2200193Ia 4500 | ||
|---|---|---|---|
| 008 | 240729s9999 xx 000 0 und d | ||
| 022 | _a1998-3921 | ||
| 245 | 0 | _aJournal of Minimal Access Surgery | |
| 260 | _aIndia | ||
| 260 | _bWolters Kluwer Medknow Publications | ||
| 650 | _a Diseases of the digestive system. Gastroenterology | ||
| 650 | _a Internal medicine | ||
| 650 | _a Specialties of internal medicine | ||
| 650 | _a Surgery | Medicine | ||
| 650 | _aMedicine | ||
| 856 | _uhttps://doaj.org/toc/5a34b82a574c43c1bd2e0ebf6f24b2a0 | ||
| 942 | _2ddc | ||
| 942 | _cDOAJEJ | ||
| 999 |
_c70182 _d70182 |
||
| 945 |
_a1 _bMadushi Gamage _c1 _dMadushi Gamage |
||